Movies Quiz

Random Movies or Director Quiz
Score 0/20 Timer 05:00
0 Plays Today
% Correct
Twilight (Catherine Hardwicke)
96.2%
Wayne's World (Penelope Spheeris)
86.2%
A League of Their Own (Penny Marshall)
84%
Mamma Mia! (Phyllida Lloyd)
81.5%
Lost in Translation (Sofia Coppola)
75.5%
Monster (Patty Jenkins)
75%
American Psycho (Mary Harron)
74.1%
Sleepless in Seattle (Nora Ephron)
73.8%
Billy Madison (Tamra Davis)
65.8%
Little Women (Gillian Armstrong)
63.7%
% Correct
The Hurt Locker (Kathryn Bigelow)
62.3%
Fast Times at Ridgemont High (Amy Heckerling)
61.6%
Frida (Julie Taymor)
52.6%
The Piano (Jane Campion)
49.5%
Boys Don't Cry (Kimberly Peirce)
44.9%
The Holiday (Nancy Meyers)
42.9%
The Kids Are All Right (Lisa Cholodenko)
42.8%
Winter's Bone (Debra Granik)
38.4%
Deep Impact (Mimi Leder)
37.1%
John Tucker Must Die (Betty Thomas)
35.4%
Remove Ads.
Support Sporcle.
Get the best of Sporcle when you Go Orange. This ad-free experience offers more features, more stats, and more fun while also helping to support Sporcle. Thank you for becoming a member.

You're not logged in!

Compare scores with friends on all Sporcle quizzes.
OR
Log In

Sporcle TV

Today on Sporcle TV


Watch our educational content, quiz creation guides, and fun videos on Sporcle TV.

Show Comments

Extras

Top Quizzes Today


Score Distribution

Paid Content

Your Account Isn't Verified!

In order to create a playlist on Sporcle, you need to verify the email address you used during registration. Go to your Sporcle Settings to finish the process.

Report this User

Report this user for behavior that violates our Community Guidelines.

Details: